C - Things that start with the letter 'C' - Statistics

General Stats
  • This quiz has been taken 473 times
  • The average score is 6 of 20
Answer Stats
Hint Answer % Correct
A country that consists of 10 provinces and 3 territories Canada
81%
The actors that perform in a show Cast
70%
A synonym of two Couple
63%
The Nutmeg State Connecticut
56%
Surname of Francis Ford of 'Godfather' fame Coppola
55%
Faith, Hope, _______ Charity
48%
Blue Oyster ____ Cult
48%
Easter Island was annexed by this country in 1888 Chile
46%
Given name for the English actress with the surname 'Rampling' Charlotte
32%
It swings inside a bell Clapper
21%
Seven letter wine region of Tuscany Chianti
17%
A synonym for red Bordeaux wine Claret
16%
Coulrophobia is a fear of ______ Clowns
13%
Large, powerful waterful Cataract
12%
Surname of the inventor of the floating ballcock Crapper
12%
A quarter note Crotchet
9%
Dried kernel of the coconut Copra
7%
Nutria or River Rat Coypu
6%
The melody pipe in a set of bagpipes Chanter
5%
Led the Chiricahua Apache in the 1861 uprising Cochise
5%
No matching quizzes found
Score Distribution
Percent of People with Each Score
Percentile by Number Answered
Your Score History
You have not taken this quiz